000 02597nam0a2200469 4500
001 RU\NLR\bibl\1385256
005 20260409080420.0
010 _a978-5-94652-269-4
_9300
021 _aRU
_b2009-33174
_91998
035 _a(nilc)RSL-KNO-004319463
035 _aEL/0000276409
035 _a(NLR Aleph) 001377324
090 _a1079852
_c1079852
100 _a20090416d2008 |||y0rusy50 ca
101 0 _arus
102 _aRU
105 _ay |||||||||
200 1 _aРазработка проблем науки управления и методов научного познания в образовании
_eмонография
_f[проф., д.э.н. Лыгина Н.И., проф. Сибирская Е.В., к.э.н., доц. Старцева О.А. и др.]
_gпод общ. ред. д.э.н., проф. Н.И. Лыгиной
210 _aСанкт-Петербург
_cИнфо-да
_d2008
215 _a96 с.
_cил., карт.
_d20
300 _aАвт. указаны на обороте тит. л.
313 _aВ монографии представлены финансовые аспекты развития образовательного кредитирования в Российской Федерации и теоретические основы управления инновационными процессами в образовании
320 _aБиблиогр. в конце гл.
320 _aАвт. указ.: с. 95
606 1 _aВысшее образование
_xУправление
_yРоссийская Федерация
_92446927
_3RU\NLR\auth\661455206
606 1 _aВысшее образование
_xФинансирование
_yРоссийская Федерация
_92155474
_3RU\NLR\auth\661297674
606 _aВысшее образование
_xИнновации
_yРоссийская Федерация
_3RU\NLR\AUTH\6601752572
_92664545
686 1 _aЧ484(2Р)87
686 1 _aЧ484(2Р)к
686 1 _aЧ481.2
701 1 _4070
_7ca
_8rus
_aЛыгина
_bН. И.
_cд-р экон. наук
_f1950-
_gНина Ивановна
_932105
_3RU\NLR\AUTH\7749170
701 1 _aСибирская
_bЕ. В.
_gЕлена Викторовна
_4070
701 1 _aСтарцева
_bО. А.
_gОлеся Анатольевна
_4070
801 0 _aRU
_bРГБ
_c20090416
_grcr
801 1 _aRU
_bРГБ
_c20090416
801 2 _aRU
_bОрловская ОПБ
_c20090622
_2rusmarc
801 2 _aRU
_bNLR
_c20090622
_grcr
830 _aавт. по кн.
942 _cBOOK
980 _aNB